Statystyki dla Wszystkie piosenki - Beteo

Kliknij tutaj aby rozwiązać quiz!

Ogólne statystyki

  • Ten quiz został rozwiązany 83 razy
    (21 od ostatniego zresetowania)
  • Średni wynik to 29 z 71

Statystyki odpowiedzi

HintOdpowiedź% Poprawnych
HoodieHOODIE
91%
Palma na blokachHood Love (a ja nie) (feat. Margaret)
82%
Palma na blokach (Deluxe)Hood Love, ale to drill (feat. Matiniezyje)
82%
Palma na blokachPalma na blokach
82%
FREE SHOOTERSHOOTER
82%
BejbiBejbi
73%
FREE SHOOTERBLICKY (feat. Mata)
73%
Palma na blokachChodź na podwórko
73%
Jeden jedynyJeden jedyny
73%
HoodieJEGOMOŚĆ
73%
Nowy PopMeow (feat. Reto)
73%
FREE SHOOTERDRIVEBY
64%
HoodieJUICE
64%
Nowy PopNowy Pop
64%
Nowy PopPopstar & Rockstar (feat. White 2115)
64%
Nowy PopAquapark (feat. Żabson)
55%
HoodieBENZO
55%
HoodieCO ROZK*RWIA GŁOWĘ
55%
BejbiCzego?!
55%
Palma na blokachHit na wakacje (feat. Białas & Kronkel Dom)
55%
Palma na blokach (Deluxe)Jestem taki
55%
HoodieLAY LOW
55%
Palma na blokachNowa Ziemia
55%
HoodieNOWE AUTA (feat. Bedoes)
55%
HoodiePOR FAVOR
55%
Palma na blokachAzja
45%
Palma na blokachSto lat (albo dłużej) (feat. Duszyn)
45%
Palma na blokachWeneckie lustro
45%
HoodieWIDOK BLOCK
45%
BejbiBesos (feat. Bedoes)
36%
Palma na blokachBombaclat
36%
Palma na blokach (Deluxe)Escape room
36%
Palma na blokachJetpack
36%
Nowy PopKocha, nie kocham
36%
HoodieMONEY TALK (feat. Żabson)
36%
Palma na blokachOczy jak manga
36%
HoodiePIĘĆ KOŁA
36%
Palma na blokachREFLINK (feat. Białas & Lanek)
36%
Nowy PopTy
36%
Palma na blokach (Deluxe)Złoto i dziewczyny 2012 (feat. DJ Johny & White 2115)
36%
Palma na blokachForza (Pod Słońce)
27%
Palma na blokachGłośniej (masz to krzyczeć)
27%
HoodieGŁUPIO WYSZŁO (feat. Białas)
27%
Nowy PopJa
27%
BejbiJest si
27%
Palma na blokach (Deluxe)Który to już raz (feat. Berson)
27%
Palma na blokachTurn Up Anthem
27%
Palma na blokach (Deluxe)W świecie moim
27%
Nowy PopWszystkie nasze byłe
27%
BejbiCo i jak - Bonus Track
18%
Jeden jedynyDaj se siana (feat. Gedz)
18%
Nowy PopDomki na drzewach (feat. Merghani)
18%
Jeden jedynyGarfield
18%
BejbiGuala
18%
Jeden jedynyHangover Anthem 2 (feat. FonoPe)
18%
BejbiItalia (feat. Simpson. & Pshemo)
18%
Jeden jedynyNie chcę
18%
Jeden jedynyNie mogę patrzeć (feat. Bedoes & Zui)
18%
BejbiNie wiesz nic (feat. Białas)
18%
Nowy PopParadise
18%
BejbiPaw
18%
Jeden jedynyPole min (feat. Białas)
18%
BejbiPozwól oddychać
18%
BejbiPrzejazd (feat. Reto & Żabson)
18%
Nowy PopRollercoaster
18%
BejbiRuchy (feat. Solar)
18%
Jeden jedynySnapback SB
18%
Jeden jedynySzczyt wszystkiego
18%
BejbiTańcz
18%
Jeden jedynyZagrajmy w butelkę
18%
Nowy PopZnasz mnie?
18%

Rozkład punktacji

Percentyl według liczby udzielonych odpowiedzi

Procent ludzi z każdym wynikiem

Twoja historia wyników

Nie rozwiązałeś tego quizu od ostatniego zresetowania